[Event "Challenge"]
[Site "http://www.queenalice.com/game.php?id=1065388"]
[Date "2012.5.29"]
[Round "-"]
[White "cabral25"]
[Black "plot24"]
[Result "0-1"]
[WhiteElo "1685"]
[BlackElo "1745"]

1. e4 e5 2. Nf3 Nc6 3. a3 Nf6 4. Nc3 Bc5 5. h3 d5 6. d3 dxe4 7. Nxe4 Nxe4 8.
dxe4 O-O 9. Bc4 Qxd1+ 10. Kxd1 Bxf2 11. Bd2 Nd4 12. Nxe5 Be6 13. Rf1 Bg3 14. Bd3
Bxe5 15. Bc3 c5 16. b3 Nxb3 17. cxb3 Bxc3 18. Rc1 Bxb3+ 19. Bc2 Rad8+ 20. Ke2
Rd2+ 21. Ke1 Rxc2+ 22. Kd1 Rd8# 0-1

[Event "Challenge"]
[Site "http://www.queenalice.com/game.php?id=1139786"]
[Date "2013.1.12"]
[Round "-"]
[White "cabral25"]
[Black "Andre1962"]
[Result "1-0"]
[WhiteElo "1662"]
[BlackElo "1843"]

1. e4 e5 2. Nf3 Nc6 3. a3 h6 4. Bc4 Na5 5. Nxe5 Qf6 6. Nf3 Nxc4 7. d3 Nxb2 8.
Bxb2 Qxb2 9. Nbd2 Bc5 10. O-O d6 11. Nc4 Qc3 12. h3 Bd7 13. Rb1 Ba4 14. Rc1 Qf6
15. Re1 O-O-O 16. e5 dxe5 17. Ncxe5 Rf8 18. d4 Bxa3 19. Ra1 Bb4 20. Re4 Bc6 21.
d5 Rd8 22. Rxa7 Kb8 23. Qa1 Ba4 24. Qxa4 c6 25. Rxb4 Rd7 26. Nxd7+ Kc7 27.
Raxb7+ Kd6 28. Qxc6+ Ke7 29. Nxf6+ Kd8 30. Qd7# 1-0

[Event "Challenge"]
[Site "http://www.queenalice.com/game.php?id=1164294"]
[Date "2013.3.24"]
[Round "-"]
[White "cabral25"]
[Black "Andre1962"]
[Result "0-1"]
[WhiteElo "1681"]
[BlackElo "1848"]

1. e4 e5 2. Nf3 Nc6 3. a3 h6 4. Nc3 Nf6 5. Bc4 Bc5 6. O-O a6 7. d3 Ng4 8. h3
Nxf2 9. Rxf2 Bxf2+ 10. Kxf2 d6 11. b4 Be6 12. Be3 Bxc4 13. dxc4 O-O 14. Nd5 f5
15. exf5 Rxf5 16. Qd3 Rf7 17. b5 Ne7 18. b6 c6 19. Nc7 Rb8 20. Ne6 Qe8 21. Qxd6
e4 22. Qg3 Nf5 23. Qg6 exf3 24. gxf3 Nxe3 25. Kxe3 Rxf3+ 26. Kxf3 Qxg6 27. Nf4
Rf8 28. Re1 Qh5+ 29. Ke3 Qe5+ 30. Kf2 Rxf4+ 31. Kg3 Qg5+ 32. Kh2 Rf3 33. Rg1
Rxh3+ 34. Kxh3 Qxg1 35. Kh4 g5+ 36. Kh5 g4 37. Kxh6 g3 38. Kg6 g2 39. Kf6 Qxb6
40. Ke6 g1=Q 41. Kd6 Qgc5+ 42. Kd7 Qf5+ 43. Ke8 Qc7 44. c5 Qfd7# 0-1

[Event "Challenge"]
[Site "http://www.queenalice.com/game.php?id=1168140"]
[Date "2013.4.4"]
[Round "-"]
[White "JsMJk"]
[Black "cabral25"]
[Result "1-0"]
[WhiteElo "1973"]
[BlackElo "1685"]

1. d4 d5 2. Bf4 Nc6 3. e3 a6 4. c4 e6 5. a3 h6 6. Nf3 Nf6 7. Nc3 Be7 8. Be2 O-O
9. c5 Ne4 10. Nxe4 dxe4 11. Ne5 1-0

[Event "Challenge"]
[Site "http://www.queenalice.com/game.php?id=1627247"]
[Date "2020.9.17"]
[Round "-"]
[White "cabral25"]
[Black "Lintz"]
[Result "1-0"]
[WhiteElo "1672"]
[BlackElo "1878"]

1. e4 e5 2. a3 a5 3. Nc3 c6 4. Nf3 Qe7 5. Bc4 g6 6. d3 Bg7 7. O-O Nf6 8. h3 d6
9. Bg5 O-O 10. Qd2 Nbd7 11. Qe3 Qe8 12. Bh6 Qe7 13. Bxg7 Kxg7 14. d4 b5 15. Bd3
Bb7 16. dxe5 dxe5 17. Ne2 h6 18. c3 Nc5 19. c4 Nxd3 20. Qxd3 bxc4 21. Qxc4 Nd7
22. Qc3 f6 23. g4 c5 24. Ng3 Ba6 25. Rfd1 Nb6 26. b3 Be2 27. Nxe2 Rfc8 28. h4 a4
29. h5 g5 30. Ng3 Kh7 31. Nf5 Qf8 32. Rd6 Rab8 33. Nd2 Rd8 34. Qxc5 Rdc8 35. Qa5
Rc7 36. Rxb6 1-0

[Event "Challenge"]
[Site "http://www.queenalice.com/game.php?id=1633688"]
[Date "2020.11.20"]
[Round "-"]
[White "cabral25"]
[Black "antcabral"]
[Result "1/2-1/2"]
[WhiteElo "1698"]
[BlackElo "1740"]

1. e4 e5 2. Nf3 Bd6 3. d4 Nc6 4. Nc3 h6 5. a3 a6 6. Bc4 Nf6 7. d5 Na5 8. Bb3 c6
9. Be3 c5 10. O-O Ng4 11. h3 h5 12. Bg5 Be7 13. Bxe7 Qxe7 14. d6 Qd8 15. h4 c4
16. Ba4 b5 17. Qd5 Bb7 18. Qc5 Bc6 19. Nxe5 Nb7 20. Nxf7 Qxh4 21. Qe5+ Nxe5 22.
g3 Nf3+ 23. Kg2 Rf8 24. gxh4 Nxh4+ 25. Kg3 Ng6 26. Ng5 Nxd6 27. Rad1 Nb7 28. Nd5
Kd8 29. Nb6 Rb8 30. Ne6+ Ke7 31. Nxf8 Nxf8 32. e5 Ne6 33. f4 Nf8 34. f5 Kd8 35.
e6 d6 36. Rfe1 Ke7 37. c3 bxa4 38. Nxc4 Rc8 39. Kh4 Rc7 40. Kxh5 Bf3+ 41. Kg5
Bxd1 42. Rxd1 Rxc4 43. Rh1 Rc6 44. Rh8 Nc5 45. Rg8 Nh7+ 46. Kg6 Nf8+ 47. Kxg7
Ncxe6+ 48. fxe6 Nxe6+ 49. Kg6 Rc5 50. Ra8 Nc7 51. Ra7 Rb5 52. Rxc7+ Ke6 1/2-1/2

[Event "Challenge"]
[Site "http://www.queenalice.com/game.php?id=1633689"]
[Date "2020.11.20"]
[Round "-"]
[White "cabral25"]
[Black "frankcasadio"]
[Result "0-1"]
[WhiteElo "1710"]
[BlackElo "2054"]

1. e4 e5 2. Nf3 Nc6 3. Nc3 Bc5 4. Nd5 d6 5. h3 Nd4 6. Bc4 b5 7. Bb3 Nxb3 8. cxb3
Nf6 9. Qc2 Nxd5 10. exd5 Qf6 11. b4 Bb6 12. Qc6+ Ke7 13. d3 h6 14. Qxa8 Bxh3 15.
Qxh8 Bxg2 16. Bg5 hxg5 17. O-O-O Bxf3 18. Rd2 Bxh1 19. Qxh1 Bxf2 20. Qf1 Be3 21.
Qe2 Bxd2+ 22. Kxd2 Qf4+ 23. Kc2 Qxb4 24. Qd2 Qc5+ 25. Kd1 f6 26. Qa5 g4 0-1

[Event "Challenge"]
[Site "http://www.queenalice.com/game.php?id=1633795"]
[Date "2020.11.22"]
[Round "-"]
[White "Mr_SPOCK"]
[Black "cabral25"]
[Result "0-1"]
[WhiteElo "1695"]
[BlackElo "1700"]

1. e4 e5 2. Nf3 Nc6 3. Bc4 h6 4. Nc3 Bb4 5. O-O Nf6 6. d3 d6 7. a3 Bc5 8. b4 Bb6
9. Bb5 a6 10. Bc4 Bg4 11. b5 Bd4 12. bxc6 Bxc3 13. cxb7 Bxa1 14. bxa8=Q Qxa8 15.
Be3 Bb2 16. h3 Bd7 17. Bd2 Bxa3 18. Qe2 Bb2 19. g4 g5 20. Kg2 O-O 21. Bxg5 hxg5
22. Nxg5 Kg7 23. h4 Bxg4 24. Qe3 Bh5 25. Rg1 Qc8 26. Kh2 Ng4+ 27. Rxg4 Qxg4 28.
Nf3 Qxf3 29. Qg5+ Bg6 30. Bxa6 Rh8 31. Bc8 Qxf2+ 32. Kh3 Bc1 33. Qg3 Qxg3+ 34.
Kxg3 Bf4+ 35. Kf3 Rxc8 36. c4 Bh5+ 37. Kf2 Rg8 38. d4 exd4 39. e5 d3 40. exd6 d2
41. d7 Rd8 42. c5 d1=Q 43. c6 Qe2+ 44. Kg1 Be3+ 45. Kh1 Bf3# 0-1

[Event "Challenge"]
[Site "http://www.queenalice.com/game.php?id=1633814"]
[Date "2020.11.22"]
[Round "-"]
[White "Lintz"]
[Black "cabral25"]
[Result "0-1"]
[WhiteElo "1885"]
[BlackElo "1696"]

1. e4 e5 2. Nf3 Nc6 3. Bc4 Nf6 4. Ng5 d5 5. exd5 Nxd5 6. Nxf7 Kxf7 7. Qf3+ Ke6
8. Nc3 Nd4 9. Qxd5+ Qxd5 10. Bxd5+ Kd6 11. Be4 Rb8 12. O-O b6 13. d3 Be7 14. f4
Nc6 15. Nb5+ Kd7 16. Bxc6+ Kxc6 17. Nxa7+ Kd7 18. Nxc8 Rbxc8 19. fxe5 Rhf8 20.
b3 Bc5+ 21. Be3 Bxe3+ 22. Kh1 Rf2 23. Rfe1 Rcf8 24. e6+ Ke7 25. c3 Bd2 26. Red1
Bxc3 27. Rac1 c5 28. h3 Be5 29. Re1 Kxe6 30. Kg1 Kd5 31. Re4 Bd4 32. Kh1 Rd2 0-1

[Event "Challenge"]
[Site "http://www.queenalice.com/game.php?id=1633815"]
[Date "2020.11.22"]
[Round "-"]
[White "cabral25"]
[Black "Lintz"]
[Result "0-1"]
[WhiteElo "1720"]
[BlackElo "1861"]

1. e4 e5 2. Nf3 Qe7 3. Nc3 c6 4. d4 d6 5. h3 g6 6. Bc4 b5 7. Bg5 Nf6 8. Bb3 Bg7
9. d5 b4 10. Ne2 c5 11. O-O h6 12. Bxf6 Qxf6 13. a3 Bxh3 14. gxh3 Qxf3 15. Ng3
Qxd1 16. Rfxd1 O-O 17. axb4 cxb4 18. Ra4 a5 19. Bc4 Nd7 20. b3 Nb6 21. Ra2 Nxc4
22. bxc4 a4 23. Rda1 a3 24. Ne2 Rfc8 25. c3 Rxc4 26. cxb4 Rxb4 27. Rxa3 Rxa3 28.
Rxa3 Rxe4 29. Nc3 Rc4 30. Nb5 Rc5 31. Ra8+ Bf8 32. Nxd6 Rxd5 33. Ne4 Rb5 34.
Nf6+ Kg7 35. Nd7 Bb4 36. Rb8 Rxb8 37. Nxb8 f5 0-1

[Event "Jogo 4"]
[Site "http://www.queenalice.com/game.php?id=1634084"]
[Date "2020.11.24"]
[Round "-"]
[White "Lintz"]
[Black "cabral25"]
[Result "1-0"]
[WhiteElo "1856"]
[BlackElo "1708"]

1. e4 e5 2. Bc4 Nf6 3. d3 h6 4. Nf3 Nc6 5. a3 d5 6. exd5 Nxd5 7. b4 a6 8. Bb2
Bd6 9. Bxd5 Bg4 10. Bb3 Nd4 11. Bxd4 exd4 12. Nbd2 O-O 13. O-O Qf6 14. Re1 b6
15. h3 Bh5 16. Bd5 Rae8 17. Ne4 Qd8 18. Ba2 Be5 19. g4 Bg6 20. Qd2 Qe7 21. Nxe5
Qxe5 22. Bb3 h5 23. g5 Qf5 24. Kg2 Kh7 25. Ng3 Qd7 26. h4 Qg4 27. Rh1 f5 28. f3
Qxg3+ 29. Kxg3 f4+ 30. Kf2 Re3 31. Bd5 Rfe8 32. Be4 Bxe4 33. dxe4 Rd8 34. Rhd1
d3 35. cxd3 Rdxd3 36. Qxd3 1-0

[Event "Jogo 5"]
[Site "http://www.queenalice.com/game.php?id=1634085"]
[Date "2020.11.24"]
[Round "-"]
[White "cabral25"]
[Black "Lintz"]
[Result "1-0"]
[WhiteElo "1708"]
[BlackElo "1817"]

1. e4 c5 2. d4 cxd4 3. Qxd4 Nc6 4. Qc4 e5 5. a3 Nf6 6. Bd3 d6 7. Nc3 Na5 8. Qa2
Be6 9. b3 Be7 10. Bb5+ Nd7 11. Nf3 b6 12. Nd5 O-O 13. b4 Nb7 14. Bc6 Rb8 15. h3
h6 16. O-O Nf6 17. Re1 Nxd5 18. Bxd5 Bxd5 19. Qxd5 Qc7 20. Ra2 Nd8 21. Be3 Rc8
22. a4 Qc4 23. Rb2 Qxd5 24. exd5 f5 25. g3 Bf6 26. Nh2 f4 27. Bd2 fxg3 28. fxg3
Nb7 29. c3 Rfe8 30. Re4 Rf8 31. Rb1 Rc7 32. Rf1 Rcf7 33. Be3 Bd8 34. h4 h5 35.
g4 Bxh4 36. gxh5 Bg3 37. Rxf7 Rxf7 38. Ng4 Bf4 39. h6 Kh7 40. Bxf4 exf4 41. hxg7
Kxg7 42. Kf2 Kg6 43. Kf3 Kg5 44. Re8 Rh7 45. Nf2 a5 46. Rc8 axb4 47. cxb4 Kh4
48. Rc6 Kg5 49. Rxb6 Kf5 50. a5 Re7 51. Nd1 Rd7 52. a6 Nd8 53. b5 Nf7 54. Nf2
Re7 55. Ne4 Rxe4 56. a7 Re3+ 57. Kf2 Ng5 58. a8=Q Nh3+ 59. Kf1 Rf3+ 60. Kg2 Rg3+
61. Kh2 1-0

[Event "FK 1 x 0 Cabral"]
[Site "http://www.queenalice.com/game.php?id=1634411"]
[Date "2020.11.27"]
[Round "-"]
[White "frankcasadio"]
[Black "cabral25"]
[Result "1-0"]
[WhiteElo "2039"]
[BlackElo "1728"]

1. e4 e5 2. Nf3 Nc6 3. Bc4 Nf6 4. Ng5 d5 5. exd5 Nxd5 6. Nxf7 Kxf7 7. Qf3+ Ke6
8. Nc3 Nb4 9. O-O c6 10. Qe4 Bc5 11. a3 Na6 12. Re1 Bd4 13. Qxd4 Re8 14. Nxd5
Qd6 15. Nc7+ Kf6 16. Qxd6+ Be6 17. Nxe8+ Rxe8 18. Rxe5 1-0

[Event "Challenge"]
[Site "http://www.queenalice.com/game.php?id=1634996"]
[Date "2020.12.1"]
[Round "-"]
[White "cabral25"]
[Black "MarcosT"]
[Result "0-1"]
[WhiteElo "1716"]
[BlackElo "1924"]

1. e4 c5 2. Nf3 g6 3. Nc3 Bg7 4. d4 cxd4 5. Nxd4 Nc6 6. Be3 Nf6 7. Qf3 Ne5 8.
Qe2 a6 9. a3 d6 10. h3 O-O 11. f4 Nc6 12. Qd2 Nxd4 13. Bxd4 Re8 14. O-O-O Bh6
15. Be3 Nh5 16. e5 Ng3 17. Rg1 Nf5 18. Bc4 Qc7 19. Bb3 Nxe3 20. Nd5 Qc5 21. Nxe3
Bxf4 22. Rde1 dxe5 23. Rgf1 Be6 24. Bxe6 fxe6 25. Kb1 Rad8 26. Qf2 Rf8 27. Ng4
Qc7 28. g3 Rd2 29. Qxd2 Bxd2 30. Rd1 Rxf1 31. Rxf1 Qc4 32. b3 Qxf1+ 33. Kb2 Qc1+
34. Ka2 Bc3 35. Nh6+ Kg7 36. Nf7 Qa1# 0-1

[Event "Challenge"]
[Site "http://www.queenalice.com/game.php?id=1635084"]
[Date "2020.12.2"]
[Round "-"]
[White "Arbustov"]
[Black "cabral25"]
[Result "1-0"]
[WhiteElo "1836"]
[BlackElo "1724"]

1. e4 e5 2. Nf3 Nc6 3. Bb5 d5 4. Bxc6+ bxc6 5. Nxe5 Qe7 6. Nxc6 Qxe4+ 7. Qe2
Qxe2+ 8. Kxe2 Bf5 9. d3 h6 10. Re1 Ne7 11. Kf1 Be6 12. Nd4 Kd7 13. Nxe6 fxe6 14.
Be3 Nc6 15. a3 Rb8 16. b4 g5 17. c3 Bg7 18. Bd2 Rhf8 19. d4 Nxd4 20. Ra2 Nb3 21.
Be3 g4 22. g3 h5 23. h4 Be5 24. Bxa7 Ra8 25. Be3 Bxg3 26. Rb2 Bxh4 27. Rxb3 Rf3
28. Kg2 Raf8 29. Rb2 g3 30. Rf1 R3f5 31. Re2 Bg5 32. Nd2 Re5 33. Nf3 Rxf3 34.
Kxf3 h4 35. Kg2 Re4 36. Rfe1 Bf6 37. Bd2 Rg4 38. fxg3 Rxg3+ 39. Kf1 d4 40. cxd4
Bxd4 41. Be3 e5 42. Bxd4 exd4 43. Rh2 h3 44. Rd1 d3 45. Kf2 Rg2+ 46. Rxg2 hxg2
47. Kxg2 Kc6 48. Rxd3 Kb5 49. Kf3 c5 50. bxc5 Kxc5 51. Rd1 1-0

[Event "Jogo 06"]
[Site "http://www.queenalice.com/game.php?id=1635936"]
[Date "2020.12.10"]
[Round "-"]
[White "Lintz"]
[Black "cabral25"]
[Result "1-0"]
[WhiteElo "1814"]
[BlackElo "1707"]

1. e4 e5 2. Nf3 Nf6 3. b3 a6 4. Nxe5 d6 5. Nf3 Nc6 6. d3 Bg4 7. Bb2 g6 8. Be2
Bg7 9. Nh4 Bxe2 10. Qxe2 O-O 11. Nf3 Re8 12. O-O Ne5 13. Nc3 c5 14. Nd2 b5 15.
f4 Nc6 16. Nd1 Nd4 17. Bxd4 cxd4 18. h3 Rc8 19. Nf3 d5 20. e5 1-0

[Event "Jogo 07"]
[Site "http://www.queenalice.com/game.php?id=1635937"]
[Date "2020.12.10"]
[Round "-"]
[White "cabral25"]
[Black "Lintz"]
[Result "0-1"]
[WhiteElo "1720"]
[BlackElo "1801"]

1. e4 e5 2. Nf3 Nf6 3. d4 exd4 4. Nxd4 d6 5. f3 c5 6. Nf5 Bxf5 7. Qe2 Bd7 8. Nc3
Bc6 9. Bd2 Be7 10. O-O-O Qc7 11. Bg5 O-O 12. Qc4 a6 13. Bd3 b5 14. Qb3 Nbd7 15.
Be2 Rfe8 16. Nd5 Nxd5 17. exd5 Bxg5+ 18. Kb1 Rxe2 19. Rhe1 c4 20. Qb4 Rxe1 0-1

[Event "Challenge"]
[Site "http://www.queenalice.com/game.php?id=1636160"]
[Date "2020.12.12"]
[Round "-"]
[White "mengo1982"]
[Black "cabral25"]
[Result "0-1"]
[WhiteElo "1500"]
[BlackElo "1712"]

1. e4 c5 2. Bc4 a6 3. Nf3 e6 4. O-O Ne7 5. d3 h6 6. Be3 d5 7. exd5 Nxd5 8. Re1
b6 9. Bd2 Be7 10. c3 O-O 11. h3 Nc6 12. Bb3 Nc7 13. Bf4 e5 14. Bxe5 Nxe5 15.
Nxe5 Be6 16. c4 Bf6 17. Nd2 Qd4 18. Ndf3 Qxb2 19. Re2 Qc3 20. Rc1 Qa5 21. Nc6
Qa3 22. Rc3 Bxc3 23. Qc2 Bd4 24. Ncxd4 cxd4 25. Nxd4 Rae8 26. Nf3 Qd6 27. Qc3
Rd8 28. Rd2 Qf4 29. a4 Rc8 30. Re2 Bxh3 31. Re4 Qf5 32. Bd1 Bg4 33. Qd2 Bxf3 34.
Bxf3 Ne6 35. Bg4 Qg6 36. Bh3 Ng5 37. Bxc8 Nf3+ 0-1

[Event "Melhor de 3 ?"]
[Site "http://www.queenalice.com/game.php?id=1636492"]
[Date "2020.12.14"]
[Round "-"]
[White "frankcasadio"]
[Black "cabral25"]
[Result "1-0"]
[WhiteElo "2092"]
[BlackElo "1695"]

1. e4 e5 2. Nf3 Nf6 3. Nc3 a6 4. Bc4 Bd6 5. d3 h6 6. a3 c5 7. Ne2 Nc6 8. Ng3 Bc7
9. c3 d6 10. h3 b5 11. Ba2 O-O 12. Be3 Bb6 13. Qd2 Nh7 14. Bxh6 Qf6 15. Be3 Qg6
16. Nh4 Qf6 17. Ngf5 g5 18. Nf3 Ne7 19. g4 Bxf5 20. gxf5 Rab8 21. Nxg5 c4 22.
Nxh7 Kxh7 23. Bg5 Qxg5 24. Qxg5 Ng6 25. dxc4 Bd8 26. Qh5+ Kg7 27. fxg6 Rh8 28.
Qf5 fxg6 29. Rg1 1-0